[Event "Bled op-B"]
[Site "Bled"]
[Date "1995.??.??"]
[Round "6"]
[White "Dezelak, B."]
[Black "Krstic, Uros"]
[Result "1-0"]
[WhiteElo "2150"]
[BlackElo "2220"]

1.Nf3 Nf6 2.c4 g6 3.g3 Bg7 4.Bg2 O-O 5.O-O d6 6.d4 Nbd7 7.Nc3 e5 8.e3 c6
9.Nd2 Ne8 10.dxe5 Nxe5 11.Qc2 Qa5 12.Rb1 Be6 13.b4 Qa6 14.b5 Qa5 15.Ne2 Rc8
16.Nd4 Nc7 17.bxc6 Nxc6 18.Bxc6 bxc6 19.Nxc6 Qg5 20.h4 Qg4 21.Ne7+ Kh8 22.Nxc8 Rxc8
23.Bb2 Nd5 24.Bxg7+ Kxg7 25.Qb2+ Nf6 26.Qd4 Qf5 27.Rb5 Rc5 28.e4 Qh5 29.Re1 Rxb5
30.cxb5 Qxb5 31.Re3 d5 32.Rf3  1-0

[Event "Bonn GSK-2"]
[Site "Bonn"]
[Date "1995.??.??"]
[Round "6"]
[White "Kveinys, Aloyzas"]
[Black "Von Gleich, Alexander"]
[Result "1/2-1/2"]
[WhiteElo "2515"]
[BlackElo "2340"]

1.Nf3 Nf6 2.c4 g6 3.g3 Bg7 4.Bg2 O-O 5.O-O d6 6.Nc3 e5 7.d3 Re8 8.Qc2 a5
9.a3 c6 10.Rb1 d5 11.cxd5 cxd5 12.Bg5 Nc6 13.Qb3 d4 14.Ne4 a4 15.Qc2 Be6
16.Nfd2 h6 17.Bxf6 Bxf6 18.Nc5 Bc8 19.Nxa4 h5 20.Ne4 Be7 21.b4 Na7 22.Nec5 Nb5
23.Ra1 Ra7 24.Nb2 b6 25.Nca4 Rc7 26.Qd2 Bg5 27.e3 dxe3 28.fxe3 Nd4 29.Rae1 Nc2
30.Nxb6 Nxe1 31.Rxe1 Bb7 32.N6c4 Bxg2 33.Qxg2 Qe7 34.b5 Qc5 35.a4 e4 36.d4 Qb4
37.Qe2 Rec8 38.Rc1 Qb3 39.Kf2 h4 40.gxh4 Bxh4+ 41.Kg2 Be7 42.b6 Rc6 43.a5 Qb5
44.Ra1 Bb4 45.d5 Rf6 46.Qg4 Rxc4 47.Nxc4 Qxc4 48.b7 Qb5  1/2-1/2

[Event "Bonn GSK-2"]
[Site "Bonn"]
[Date "1995.??.??"]
[Round "10"]
[White "Kengis, Edvins"]
[Black "Grimm, Sascha"]
[Result "1-0"]
[WhiteElo "2565"]
[BlackElo "2320"]

1.Nf3 Nf6 2.g3 g6 3.Bg2 Bg7 4.c4 O-O 5.d4 c6 6.Nc3 d6 7.O-O Qa5 8.h3 Be6
9.d5 cxd5 10.Nd4 dxc4 11.Bxb7 Nbd7 12.Bxa8 Rxa8 13.Nxe6 fxe6 14.Kg2 Rb8 15.Rb1 Nc5
16.Be3 Nfe4 17.Bd4 Bh6 18.e3 Rf8 19.f3 Nf6 20.b4 cxb3 21.axb3 Qb4 22.Qe2 e5
23.Bxc5 Qxc5 24.Nd1 Nd5 25.e4 Ne3+ 26.Nxe3 Bxe3 27.b4 Qb6 28.Rb3 Bd4 29.f4 exf4
30.gxf4 Kg7 31.Qc4 e5 32.fxe5 Rxf1 33.Kxf1 Bxe5 34.Rf3 Qb7 35.b5 Qe7 36.Ke2 Qg5
37.Qc7+ Kh6 38.Qxa7 Bf4 39.Rxf4  1-0

[Event "Ciocaltea mem"]
[Site "Bucharest"]
[Date "1995.??.??"]
[Round "7"]
[White "Marin, Mihail"]
[Black "Nisipeanu, Liviu Dieter"]
[Result "0-1"]
[WhiteElo "2540"]
[BlackElo "2420"]

1.Nf3 Nf6 2.c4 g6 3.g3 Bg7 4.Bg2 O-O 5.O-O d6 6.Nc3 Nc6 7.d4 a6 8.d5 Na5
9.Nd2 c5 10.Qc2 b5 11.cxb5 axb5 12.Nxb5 Bb7 13.Nc3 Ra6 14.Rd1 Qa8 15.e4 Rb6
16.Rb1 e6 17.b3 Rb4 18.a3 Rd4 19.Nb5 exd5 20.Nxd4 cxd4 21.b4 Nc6 22.Bb2 Rc8
23.Qb3 dxe4 24.Nxe4 Nxe4 25.Bxe4 Ne5 26.Bxb7 Qxb7 27.Rd3 Qe4 28.Rbd1 d5 29.b5 h5
30.b6 h4 31.b7 Rb8 32.f3 Qe2 33.gxh4 Nxd3 34.Rxd3 Rxb7 35.Qxb7 Qxd3 36.h5 gxh5
37.Qb4 Qe3+ 38.Kg2 Qe2+ 39.Kg1 Qe3+ 40.Kg2 Qe2+ 41.Kg1 Be5 42.f4 Qg4+  0-1

[Event "Budapest"]
[Site "Budapest"]
[Date "1995.??.??"]
[Round "1"]
[White "Fancsy, Imre"]
[Black "Gonzalez Garcia, Jose"]
[Result "1/2-1/2"]
[WhiteElo "2365"]
[BlackElo "2360"]

1.Nf3 Nf6 2.c4 g6 3.g3 Bg7 4.Bg2 O-O 5.d4 d6 6.Nc3 Nbd7 7.O-O e5 8.e4 c6
9.h3 Re8 10.Be3 exd4 11.Nxd4 Nc5 12.Qc2 Qe7 13.Rfe1 Bd7 14.Nb3 Nxb3 15.axb3 a6
16.Rad1 Be6 17.Qd2 Red8 18.Bg5 Qf8 19.Qf4 Nh5 20.Qf3 f6 21.Be3 Bh6 22.Bb6 Rd7
23.Ne2 Qf7 24.g4 Ng7 25.Qg3 Ne8 26.Rd3 a5 27.f4 Qe7 28.Ra1 a4  1/2-1/2

[Event "Budapest FS12 GM"]
[Site "Budapest"]
[Date "1995.??.??"]
[Round "1"]
[White "Vadasz, Laszlo"]
[Black "Kahn, Evarth"]
[Result "1/2-1/2"]
[WhiteElo "2350"]
[BlackElo "2350"]

1.Nf3 Nf6 2.c4 g6 3.g3 Bg7 4.Bg2 O-O 5.O-O d6 6.Nc3 e5 7.d4 Nbd7 8.h3 Re8
9.dxe5 dxe5 10.Be3 c6  1/2-1/2

[Event "Budapest FS03 GM"]
[Site "Budapest"]
[Date "1995.??.??"]
[Round "2"]
[White "Szekely, Peter"]
[Black "Onoprienko, Konstantin"]
[Result "1/2-1/2"]
[WhiteElo "2455"]
[BlackElo "2335"]

1.Nf3 Nf6 2.c4 g6 3.g3 Bg7 4.Bg2 O-O 5.d4 d6 6.Nc3 Nc6 7.O-O Bf5 8.d5 Na5
9.Nd4 Bd7 10.b3 c5 11.dxc6 bxc6 12.Rb1 Rb8 13.Bb2 e5 14.Nc2 Be6 15.Ba3 Ne8
16.Qd2 f5 17.Rfd1 Rf7 18.Bb4  1/2-1/2

[Event "Budapest FS11 GM"]
[Site "Budapest"]
[Date "1995.??.??"]
[Round "5"]
[White "Vadasz, Laszlo"]
[Black "Schneider, Attila"]
[Result "1-0"]
[WhiteElo "2350"]
[BlackElo "2355"]

1.Nf3 Nf6 2.c4 g6 3.g3 Bg7 4.Bg2 O-O 5.O-O c5 6.Nc3 Nc6 7.d4 d6 8.dxc5 dxc5
9.Be3 Qa5 10.Qb3 Qb4 11.Nd5 Qxb3 12.axb3 Nd7 13.Bg5 e6 14.Ne7+ Nxe7 15.Bxe7 Re8
16.Bd6 Bxb2 17.Ra2 Bg7 18.Rd1 Bf8 19.Bc7 f5 20.Rad2 Nf6 21.Ne5 Ne4 22.Bxe4 fxe4
23.Ng4 Be7 24.Bd6 Kg7 25.Be5+ Kf7 26.f3 Bg5 27.e3 h5 28.f4 Be7 29.Nf2 b6
30.Nxe4 Bb7 31.Ng5+ Bxg5 32.fxg5 Re7 33.Bf6  1-0

[Event "Budapest"]
[Site "Budapest"]
[Date "1995.??.??"]
[Round "7"]
[White "Fancsy, Imre"]
[Black "Riegler, Primoz"]
[Result "1-0"]
[WhiteElo "2365"]
[BlackElo "2335"]

1.Nf3 Nf6 2.c4 g6 3.g3 Bg7 4.Bg2 O-O 5.d4 d6 6.Nc3 Nc6 7.O-O a6 8.d5 Na5
9.b3 Nxd5 10.Nxd5 Bxa1 11.Bd2 c6 12.Bxa5 Qxa5 13.Nxe7+ Kg7 14.Qxa1+ f6 15.Nxc8 Raxc8
16.h4 Rfe8 17.e3 Rcd8 18.Nd4 Qc5 19.Rd1 Kf7 20.Rd3 a5 21.Qc3 Qa3 22.Qd2 Rf8
23.Ne2 Rfe8 24.Nc3 Ke7 25.Kh2 Rf8 26.Bh3 Qb4 27.Kg1 Rfe8 28.Qc1 Kf7 29.Bg2 Re5
30.Kh2 Kg7 31.Qd1 f5 32.Qc1 Kg8 33.Bf3 Re6 34.Na4  1-0

[Event "Budapest FS12 GM"]
[Site "Budapest"]
[Date "1995.??.??"]
[Round "8"]
[White "Csom, Istvan"]
[Black "Kahn, Evarth"]
[Result "1-0"]
[WhiteElo "2455"]
[BlackElo "2350"]

1.c4 Nf6 2.g3 g6 3.Bg2 Bg7 4.Nf3 O-O 5.O-O d6 6.d4 Nbd7 7.Nc3 e5 8.b3 Re8
9.e4 exd4 10.Nxd4 Nc5 11.f3 Bd7 12.Be3 a6 13.Qd2 Rb8 14.Rac1 b5 15.b4 Ne6
16.cxb5 axb5 17.Rfd1 Nxd4 18.Bxd4 Be6 19.Bf1 c5 20.Bf2 cxb4 21.Nxb5 Ra8 22.Qxb4 Rxa2
23.Nc7 Qb8 24.Qxb8 Rxb8 25.Nxe6 fxe6 26.Bc4 Ra3 27.Bxe6+ Kf8 28.e5  1-0

[Event "Budapest FS05 GM"]
[Site "Budapest"]
[Date "1995.??.??"]
[Round "8"]
[White "Szekely, Peter"]
[Black "Bigaliev, Renat"]
[Result "1-0"]
[WhiteElo "2455"]
[BlackElo "2345"]

1.Nf3 Nf6 2.c4 g6 3.g3 Bg7 4.Bg2 O-O 5.d4 d6 6.Nc3 Nbd7 7.O-O e5 8.e4 a6
9.b3 b5 10.dxe5 dxe5 11.Qc2 c6 12.Rd1 Qe7 13.cxb5 axb5 14.h3 Bb7 15.Be3 Rfc8
16.a4 Nf8 17.Rac1 b4 18.Nb1 N6d7 19.Nbd2 Ba6 20.Nc4 Bxc4 21.Qxc4 Ne6 22.Qd3 Ndc5
23.Qc4 Nb7 24.h4 Na5 25.Qc2 c5 26.Bh3 c4 27.bxc4 Rxc4 28.Qb1 Rxc1 29.Rxc1 Nd4
30.Nxd4 exd4 31.Bd2 Rb8 32.Qd3 Qe8 33.Bxb4 Qxa4 34.Bd6 Ra8 35.e5 Re8 36.Re1 Qc4
37.Bf1 Qc3 38.Qb5 Rc8 39.Bb4 Qb2 40.Bxa5 Qa2 41.Bb4 Bh6 42.e6 fxe6 43.Qd7  1-0

[Event "Budapest FS10 GM"]
[Site "Budapest"]
[Date "1995.??.??"]
[Round "11"]
[White "Lukacs, Peter"]
[Black "Horvath, Jozsef"]
[Result "1/2-1/2"]
[WhiteElo "2480"]
[BlackElo "2510"]

1.Nf3 Nf6 2.c4 g6 3.g3 Bg7 4.Bg2 O-O 5.O-O d6 6.d4 c6 7.Nc3 Qa5 8.e4 Bg4
9.h3 Bxf3 10.Bxf3 Nfd7 11.Be3 Qb4 12.Be2 Qxb2 13.Na4 Qa3 14.Bc1 Qb4 15.Bd2 Qa3
16.Bc1  1/2-1/2

[Event "Budapest FS11 GM"]
[Site "Budapest"]
[Date "1995.??.??"]
[Round "11"]
[White "Csom, Istvan"]
[Black "Kaabi, Mejdi"]
[Result "1/2-1/2"]
[WhiteElo "2455"]
[BlackElo "2365"]

1.c4 Nf6 2.g3 g6 3.Bg2 Bg7 4.Nf3 O-O 5.d4 d6 6.O-O Nc6 7.Nc3 Bf5 8.Ne1 Qc8
9.e4 Bh3 10.d5 Na5 11.b3 c5 12.Bd2 Bxg2 13.Kxg2 a6 14.Ne2 Qc7 15.f3 b5 16.Rc1 Nd7
17.Nd3 Rae8 18.Qc2 e5 19.Nf2 Nb7 20.a3 Nb6 21.Qd3 Qd7 22.Rb1 Ra8 23.Rfc1 Rfb8
24.Rf1 Rf8 25.Rfc1 Rfb8 26.Rf1 Rf8 27.Rfc1  1/2-1/2

[Event "Buenos Aires Najdorf"]
[Site "Buenos Aires"]
[Date "1995.??.??"]
[Round "1"]
[White "Giardelli, Sergio C"]
[Black "Sorin, Ariel"]
[Result "1/2-1/2"]
[WhiteElo "2445"]
[BlackElo "2500"]

1.c4 g6 2.g3 Bg7 3.Bg2 Nf6 4.Nf3 O-O 5.O-O d6 6.d4 c5 7.b3 Nc6 8.Bb2 Ne4
9.Nbd2 Bf5 10.Nh4 Nxd2 11.Qxd2 Nxd4 12.Nxf5 Nxf5 13.Bxg7 Nxg7 14.Bxb7 Rb8
15.Bg2 a5 16.f4 Qb6 17.g4 f5 18.gxf5 Nxf5 19.Bd5+ Kg7 20.Be4 e6 21.Rad1 Rbd8
22.Bxf5 exf5  1/2-1/2

[Event "Buenos Aires Najdorf"]
[Site "Buenos Aires"]
[Date "1995.??.??"]
[Round "6"]
[White "Szmetan, Jorge"]
[Black "Sorin, Ariel"]
[Result "1/2-1/2"]
[WhiteElo "2430"]
[BlackElo "2500"]

1.Nf3 Nf6 2.c4 g6 3.g3 Bg7 4.Bg2 O-O 5.O-O d6 6.Nc3 c5 7.a3 Nc6 8.Rb1 b6
9.b4 Bb7 10.d3 Rc8 11.Bd2 Qd7 12.Qa4 Rfd8 13.Rfc1 Ba8 14.bxc5 dxc5 15.Nb5 Ne8
16.Bc3 Bxc3 17.Nxc3 Nc7 18.h4 Ne6 19.Nd5 Ned4 20.Nxd4 Nxd4 21.Qxd7 Rxd7 22.Rb2 Kg7
23.Nc3 f5 24.Bxa8 Rxa8 25.f3 Rf8  1/2-1/2

[Event "Buenos Aires op"]
[Site "Buenos Aires"]
[Date "1995.??.??"]
[Round "7"]
[White "Spangenberg, Hugo"]
[Black "Pereyra Arcija, Diego"]
[Result "1-0"]
[WhiteElo "2500"]
[BlackElo "2290"]

1.Nf3 Nf6 2.c4 g6 3.g3 Bg7 4.Bg2 O-O 5.Nc3 c6 6.O-O d6 7.d4 Qa5 8.e4 e5 9.d5 Rd8
10.h3 cxd5 11.cxd5 b5 12.Nd2 b4 13.Nb3 Qa6 14.Ne2 Bd7 15.Re1 Qc8 16.Kh2 a5
17.a4 bxa3 18.Rxa3 a4 19.Nc3 Qb7 20.Nd2 Qb4 21.Bf1 Qd4 22.Qe2 Qb4 23.Nc4 Na6
24.Bd2 Qb8 25.Nxa4 Bxa4 26.Rxa4 Nc5 27.Rxa8 Qxa8 28.Bg2 Nb3 29.Bb4 Nd4 30.Qd3 Bf8
31.f4 Qb8 32.Bc3 Nd7 33.Bxd4 exd4 34.Qxd4 Bg7 35.e5 Qb4 36.Qc3 Qxc3 37.bxc3 dxe5
38.fxe5 Re8 39.d6 Rc8 40.Bd5 Rc5 41.e6 fxe6 42.Bxe6+ Kf8 43.Bxd7 Rxc4 44.Rf1+  1-0

[Event "Bytom op"]
[Site "Bytom"]
[Date "1995.??.??"]
[Round "?"]
[White "Kazek, Krzysztof"]
[Black "Shilov, Sergej"]
[Result "1/2-1/2"]
[WhiteElo "2255"]
[BlackElo "2255"]

1.Nf3 Nf6 2.c4 g6 3.g3 Bg7 4.Bg2 O-O 5.O-O c5 6.d4 d6 7.b3 cxd4 8.Nxd4 d5
9.cxd5 Nxd5 10.Bb2 Nb4 11.Na3 Qa5 12.Nc4 Qh5 13.Qd2 N8c6 14.Nxc6 Nxc6 15.Bxg7 Kxg7
16.Qb2+ f6 17.Bf3 Bg4 18.Bxg4 Qxg4 19.Rfd1 Rfd8 20.Ne3 Qe4 21.Qc2 Qxc2 22.Nxc2 Kf7
23.Kf1 e5 24.f3 Ke6 25.e4 f5 26.Ke2 fxe4 27.fxe4 Rac8 28.Rac1 a5 29.a3 g5
30.Rf1 Rf8 31.b4 Rxf1 32.Kxf1 Rd8 33.b5 Na7 34.a4 Nc8 35.Ne3 Nb6 36.Ke2 Rd4
37.Kf3 Kd7 38.Nf5 Rxa4 39.Rc5 g4+ 40.Kxg4 Rxe4+ 41.Kg5 Nc4 42.b6 Nxb6 43.Rxa5 Nc4
44.Ra1 Re2 45.h4 e4 46.Rb1 Rb2 47.Rxb2 Nxb2 48.Kf4 Nc4 49.Kxe4 Nd6+ 50.Nxd6 Kxd6
51.g4  1/2-1/2

[Event "Cannes Martinez op"]
[Site "Cannes"]
[Date "1995.??.??"]
[Round "1"]
[White "Moulain, Jean Pierre"]
[Black "Javet, Blaise"]
[Result "1-0"]
[WhiteElo "2220"]
[BlackElo "1920"]

1.Nf3 Nf6 2.c4 g6 3.g3 Bg7 4.Bg2 O-O 5.O-O d6 6.d4 Nbd7 7.Nc3 e5 8.h3 c6
9.e4 Re8 10.Re1 Qc7 11.Be3 Nf8 12.Rc1 Bd7 13.c5 exd4 14.cxd6 Qc8 15.Bxd4 Bxh3
16.e5 Bxg2 17.Kxg2 Nh5 18.Nd5 Qg4 19.Ne7+ Rxe7 20.dxe7 Nf4+ 21.Kg1 N8e6 22.Be3 Nd5
23.Nd4 Nxe3 24.Nxe6 Nxd1 25.Rcxd1 Re8 26.Rd8 fxe6 27.Rxe8+ Kf7 28.Rg8 Kxe7
29.Rxg7+ Kf8 30.Rxh7 b5 31.Rxa7 Qd4 32.Rc7 Qd2 33.Re3 Qd1+ 34.Kh2 Qd5 35.Ra3 Qd8
36.Raa7  1-0

[Event "Cannes op"]
[Site "Cannes"]
[Date "1995.??.??"]
[Round "1"]
[White "Mednis, Edmar John"]
[Black "San Marco, Bruno"]
[Result "1-0"]
[WhiteElo "2410"]
[BlackElo "2270"]

1.c4 Nf6 2.g3 g6 3.Bg2 Bg7 4.Nf3 O-O 5.O-O d6 6.d4 Nbd7 7.Nc3 e5 8.e4 exd4
9.Nxd4 Nc5 10.h3 Re8 11.Re1 a5 12.Qc2 a4 13.Be3 c6 14.Rad1 Nfd7 15.b4 axb3
16.axb3 Qa5 17.Rb1 Qb4 18.Red1 Nf8 19.Nce2 Nfe6 20.Nxe6 Nxe6 21.Bd2 Qc5 22.b4 Qh5
23.Be3 Bf8 24.Rb3 Qe5 25.f4 Qf6 26.g4 Ra1 27.Rxa1 Qxa1+ 28.Kh2 Qe1 29.Ng1 Ng7
30.Nf3 Qa1 31.f5 d5 32.Bd4 Qa4 33.cxd5 cxd5 34.fxg6 hxg6 35.exd5 Qb5 36.Rc3 Re2
37.Qd1 Bd7 38.Bc5 Rb2 39.Bxf8 Kxf8 40.Re3 Qxb4 41.Qc1 Ne8 42.Ne5 Qf4+ 43.Kh1 Nf6
44.Nxd7+  1-0

[Event "Cannes op"]
[Site "Cannes"]
[Date "1995.??.??"]
[Round "1"]
[White "Voskanian, Vahagn"]
[Black "Howell, James C"]
[Result "1/2-1/2"]
[WhiteElo "2365"]
[BlackElo "2520"]

1.Nf3 Nf6 2.c4 g6 3.g3 Bg7 4.Bg2 O-O 5.O-O d5 6.d4 Nc6 7.Nc3 dxc4 8.d5 Nb4
9.Ne5 c6 10.dxc6 Nxc6 11.Nxc6 bxc6 12.Qa4 Be6 13.Bxc6 Rc8 14.Be3 a5 15.Rfd1 Qc7
16.Bf3 Ng4 17.Bxg4 Bxg4 18.Rd2 Bh3 19.Rad1 Qb7 20.f3 Qb4 21.a3 Qxa4 22.Nxa4 h5
23.Kf2 c3 24.bxc3 Rc4 25.Nb6 Rxc3 26.Rd3 Be6 27.Nd5 Bxd5 28.Rxc3 Bxc3 29.Rxd5 Rb8
30.Rc5 Rb3 31.Rc8+ Kh7 32.Bc5 Bf6 33.Ra8 Rc3 34.Bb6 Rxa3 35.Rxa5  1/2-1/2

[Event "Cannes op"]
[Site "Cannes"]
[Date "1995.??.??"]
[Round "3"]
[White "Trauth, Michael"]
[Black "Mauro, Alan"]
[Result "1-0"]
[WhiteElo "2270"]
[BlackElo "2340"]

1.Nf3 Nf6 2.c4 g6 3.g3 Bg7 4.Bg2 O-O 5.Nc3 d6 6.O-O Nc6 7.d3 e5 8.Rb1 a5
9.a3 Bf5 10.e4 Bg4 11.h3 Bxf3 12.Bxf3 Nd4 13.Bg2 Qd7 14.Ne2 c5 15.Nxd4 cxd4
16.a4 Qc6 17.f4 Nh5 18.Kh2 exf4 19.gxf4 Bh6 20.b3 Qc5 21.Qe1 Rae8 22.Qh4 f5
23.Bd2 fxe4 24.Bxe4 Qa3 25.Bc1 Qa2+ 26.Rb2 Qa1 27.Rbf2 Qc3 28.Bb2 Qxb3 29.Bd5+ Kh8
30.Bxd4+ Bg7 31.f5 Be5+ 32.Bxe5+ dxe5 33.fxg6 Rxf2+ 34.Rxf2 Qb6 35.gxh7 Qe3
36.Rg2 Ng7 37.Qg4 Qh6 38.Bxb7 Qxh7 39.Be4 Qh6 40.Rf2 Rg8 41.Bd5 Rb8 42.c5 Qh5
43.c6 Qxg4 44.hxg4 Ne8 45.Kg3 Kg7 46.Rf7+ Kg6 47.Re7 Rd8  1-0

[Event "Cannes op"]
[Site "Cannes"]
[Date "1995.??.??"]
[Round "4"]
[White "Giffard, Nicolas"]
[Black "Boyd, Stephen"]
[Result "0-1"]
[WhiteElo "2390"]
[BlackElo "2275"]

1.Nf3 g6 2.g3 Bg7 3.Bg2 Nf6 4.c4 O-O 5.O-O d6 6.Nc3 e5 7.d3 Nc6 8.Bg5 h6
9.Bxf6 Bxf6 10.Rb1 Be6 11.Nd2 Qd7 12.Re1 Bh3 13.Bh1 Bg7 14.Nd5 Nd4 15.e3 Ne6
16.Qc2 c6 17.Nc3 f5 18.b4 f4 19.b5 c5 20.b6 a6 21.Bd5 Kh8 22.Nde4 Rad8 23.Rec1 f3
24.Qa4 Qc8 25.Qd1 Bg2 26.Rb3 Ng5 27.Nxg5 hxg5 28.Ne4 Bh6 29.Nd2 g4 30.Ne4 Rf5
31.Rc2 Rh5 32.h4 Kg7 33.d4 Rh8 34.dxe5 Qd8 35.exd6 Bg5 36.Nxc5 Bxh4 37.Ne6+ Kh7
38.Qf1 Qxd6 39.Qxg2 fxg2 40.gxh4 Rxh4 41.Kxg2 Rh2+ 42.Kf1 g3 43.e4 gxf2 44.Rxf2 Rxf2+
45.Kxf2 Qh2+ 46.Ke3 Kg8 47.Kd4 Kf7 48.c5 Ke7 49.Rf3 Qb2+ 50.Ke3 Rh2 51.Kf4 Qd2+
52.Kg4 Rg2+ 53.Kh3 Rg1 54.Nf4 Qb2 55.Rg3 Rxg3+ 56.Kxg3 g5 57.Ne6 Kf6 58.Kf3 Qc3+
59.Kg4 Qe1 60.Nf8 Qh4+ 61.Kf3 g4+ 62.Ke2 Qh2+ 63.Kd3 g3 64.e5+ Kxe5 65.Bxb7  0-1

[Event "Cannes op"]
[Site "Cannes"]
[Date "1995.??.??"]
[Round "7"]
[White "Trauth, Michael"]
[Black "Mazi, Leon"]
[Result "0-1"]
[WhiteElo "2270"]
[BlackElo "2360"]

1.Nf3 Nf6 2.c4 g6 3.g3 Bg7 4.Bg2 O-O 5.Nc3 d6 6.d3 e5 7.O-O Nbd7 8.Rb1 h6
9.b4 Ne8 10.e4 c6 11.Bd2 Nc7 12.Ne1 Ne6 13.f4 exf4 14.gxf4 f5 15.exf5 gxf5
16.b5 Nd4 17.Kh1 Nc5 18.bxc6 bxc6 19.Nf3 Bd7 20.Nxd4 Bxd4 21.Na4 Qf6 22.Nxc5 dxc5
23.Rb7 Rf7 24.Qa4 Kh8 25.Rxa7 Rg8 26.Ra8 Be8 27.Qd1 Qg6 28.Qe2 Re7 29.Qf3 Reg7
30.Be1 Qxg2+ 31.Qxg2 Rxg2 32.Rxe8 Rxa2 33.Re6 Ra1 34.h3 Rb8 35.Rxc6 Re8 36.Rxh6+ Kg7
37.Rh5 Rexe1 38.Rxe1 Rxe1+ 39.Kh2 Kg6 40.Rg5+ Kf6 41.h4 Rf1 42.Kg3 Be3 43.Rh5 Bxf4+  0-1

[Event "Cappelle op"]
[Site "Cappelle la Grande"]
[Date "1995.??.??"]
[Round "1"]
[White "McNab, Colin Anderson"]
[Black "Skripchenko, Almira"]
[Result "0-1"]
[WhiteElo "2475"]
[BlackElo "2260"]

1.c4 Nf6 2.Nf3 g6 3.g3 Bg7 4.Bg2 O-O 5.O-O d6 6.d4 Nbd7 7.Qc2 c6 8.Rd1 Qa5
9.Bd2 Qc7 10.Nc3 e5 11.Rac1 Re8 12.d5 Nb6 13.Qb3 e4 14.Ng5 Bf5 15.dxc6 Qxc6
16.Nb5 h6 17.Nxf7 Kxf7 18.Bf4 Nc8 19.Bxd6 Be6 20.Bf4 Re7 21.Nd4 Qb6 22.Qc2 Qc5
23.Bxe4 Nxe4 24.Qxe4 Bg4 25.Qd5+ Qxd5 26.cxd5 g5 27.Bc7 Rd7 28.Nf3 Bxf3 29.exf3 Ne7
30.d6 Nc6 31.Rc5 Re8 32.Rd2 Re5 33.Rxe5 Bxe5 34.Kg2 Ke6 35.Re2 Kd5 36.Rd2+ Nd4
37.Bb8 b6 38.Rd3 Bxd6 39.Bxd6 Rxd6 40.Rc3 Rf6 41.Rc7 a5 42.Rd7+ Kc4 43.Rc7+ Rc6
44.Rb7 b5 45.h4 gxh4 46.f4 hxg3 47.fxg3 h5 48.Kh3 a4 49.Kh4 Rc5 50.g4 hxg4
51.Kxg4 Kd3 52.Rd7 Rc2 53.f5 Rg2+ 54.Kh3 Rf2  0-1

[Event "Cappelle op"]
[Site "Cappelle la Grande"]
[Date "1995.??.??"]
[Round "3"]
[White "McNab, Colin Anderson"]
[Black "Beckhuis, Gernod"]
[Result "1/2-1/2"]
[WhiteElo "2475"]
[BlackElo "2265"]

1.c4 g6 2.g3 Bg7 3.Bg2 Nf6 4.Nf3 O-O 5.O-O d6 6.d4 Nbd7 7.Qc2 e5 8.Rd1 Qe7
9.Nc3 c6 10.d5 c5 11.e4 Ne8 12.a3 Nb6 13.Nd2 a5 14.Rb1 a4 15.b4 axb3 16.Rxb3 Ra6
17.Re1 f5 18.exf5 gxf5 19.f4 e4 20.Nb5 Bd7 21.Nf1 Bd4+ 22.Nxd4 cxd4 23.Qb2 Nxc4
24.Qxd4 b5 25.g4 fxg4 26.Rxe4 Qg7 27.Qf2 Nf6 28.Re1 Qf7 29.Qd4 Nh5 30.Ng3 Ra4
31.Nxh5 Qxh5 32.Re7 Rf7 33.Rxf7 Qxf7 34.Qd1 Ra8 35.Bf1 Re8 36.Bxc4 bxc4 37.Rb7 Re7
38.Bd2 Qf6 39.Bc1 Qc3 40.Kf2 Qd3 41.Qxd3 cxd3 42.Be3 h5 43.Rb1 Kf7 44.Re1 Bb5
45.Bd2 Re2+ 46.Rxe2 dxe2 47.Be1 Kf6 48.Ke3 Kf5 49.Bg3 Bc4 50.a4 Bxd5 51.Kxe2 Ke4
52.Kd2 Bc4 53.f5  1/2-1/2

[Event "Cappelle op"]
[Site "Cappelle la Grande"]
[Date "1995.??.??"]
[Round "5"]
[White "McNab, Colin Anderson"]
[Black "Kratochwil, Christian"]
[Result "1/2-1/2"]
[WhiteElo "2475"]
[BlackElo "2340"]

1.c4 Nf6 2.Nf3 g6 3.g3 Bg7 4.Bg2 O-O 5.O-O d5 6.cxd5 Nxd5 7.d4 Nb6 8.Nc3 Nc6
9.e3 e5 10.d5 e4 11.dxc6 Qxd1 12.Rxd1 exf3 13.Bxf3 bxc6 14.Bxc6 Rb8 15.Nd5 Nc4
16.Ne7+ Kh8 17.Nxc8 Rfxc8 18.e4 Nxb2 19.Bxb2 Rxb2 20.Bd5 c5 21.Rac1 Rc7 22.Bb3 Bf6
23.Kg2 Bg5 24.Rc4 Be3 25.Kf3 Bxf2 26.Bc2 Rb4 27.Bb3 Rxc4 28.Bxc4 Bd4  1/2-1/2

[Event "Cappelle op"]
[Site "Cappelle la Grande"]
[Date "1995.??.??"]
[Round "6"]
[White "Lisenko, Alexander V"]
[Black "Apicella, Manuel"]
[Result "1/2-1/2"]
[WhiteElo "2390"]
[BlackElo "2505"]

1.c4 Nf6 2.g3 g6 3.Bg2 Bg7 4.Nf3 O-O 5.O-O d6 6.d4 Nbd7 7.Qc2 e5 8.Rd1 exd4
9.Nxd4 Re8 10.Nc3 Nc5 11.e4 Bd7 12.h3 Qc8 13.g4 a6 14.f3 Rb8 15.a4 a5 16.Be3 Be6
17.Bf1 Na6 18.Qf2  1/2-1/2

[Event "Cappelle op"]
[Site "Cappelle la Grande"]
[Date "1995.??.??"]
[Round "6"]
[White "Krogius, Nikolai V"]
[Black "Kuzmin, Gennadi P"]
[Result "1/2-1/2"]
[WhiteElo "2480"]
[BlackElo "2545"]

1.Nf3 Nf6 2.c4 g6 3.g3 Bg7 4.Bg2 O-O 5.O-O d6 6.d4 Nbd7 7.Nc3 e5 8.h3 a6
9.e4 exd4 10.Nxd4 Re8 11.Be3 Nc5 12.Qc2 Bd7 13.Rad1 Qc8 14.Kh2 Re5 15.f3 Rh5
16.h4 Re5 17.Rfe1 Re8 18.Nb3 b6 19.Nd4 Qb8 20.Nd5 b5 21.b4 Na4 22.Bg5 Nxd5
23.cxd5 a5 24.a3 Nb6 25.Qb3 axb4 26.axb4 Nc4 27.Bc1 Qa7 28.Nc2 Qa2 29.Qd3 f5
30.Nd4 Ne5 31.Qb3 fxe4 32.Rxe4 Qxb3 33.Nxb3 Bf5 34.Re2 Ng4+ 35.fxg4 Rxe2
36.gxf5 Raa2 37.Rg1 gxf5 38.Bg5 Ra3 39.Rb1 Be5 40.Bf4 Kf8 41.Kg1 Raa2 42.Bf1 Reb2
43.Rxb2 Rxb2 44.Bxe5 dxe5 45.Nc5 Rxb4 46.Ne6+ Ke7 47.Nxc7 Kd6 48.Nxb5+ Kxd5
49.Kf2 Rb3 50.Nc7+ Ke4 51.Be2 h6 52.Ne6 Rc3 53.Ng7 f4 54.gxf4 exf4 55.Nh5 Ke5
56.Bg4 Ra3 57.Be2 Rh3 58.Kg2 Ra3 59.Bf3 Rb3 60.Bd1 Rb1 61.Bf3 Rb6 62.Kf2 Rb2+
63.Be2 Kf5 64.Kf3 Rb3+ 65.Kf2 Rh3 66.Kg2 Rxh4 67.Ng7+ Kf6 68.Ne8+ Ke7 69.Ng7 Kf6
70.Ne8+ Ke5 71.Bf3 h5 72.Ng7  1/2-1/2

[Event "Cappelle op"]
[Site "Cappelle la Grande"]
[Date "1995.??.??"]
[Round "9"]
[White "Vul, Arkadi Eremeevich"]
[Black "Catteau, Yves"]
[Result "1-0"]
[WhiteElo "2410"]
[BlackElo "2180"]

1.Nf3 Nf6 2.c4 g6 3.g3 Bg7 4.Bg2 O-O 5.d4 d6 6.O-O Nfd7 7.Nc3 e5 8.e4 Nc6
9.Bg5 f6 10.Be3 h6 11.h3 Ne7 12.Qd2 Kh7 13.Rad1 exd4 14.Nxd4 Ne5 15.b3 c5
16.Ndb5 Bxh3 17.Qxd6 Qxd6 18.Rxd6 Bxg2 19.Kxg2 b6 20.Rfd1 f5 21.Nc7 Rac8
22.Ne6 Rf7 23.Nxg7 Kxg7 24.Bf4 N5c6 25.Rd7 g5 26.Bd6 fxe4 27.Bxe7 Rxe7 28.Rxe7+ Nxe7
29.Rd7 Kf6 30.Nxe4+ Ke6 31.Rxa7 Rc6 32.Rb7 Nf5 33.Nc3 Nd6 34.Rb8 Nc8 35.Nd5 Ke5
36.Rb7 Kd4 37.Rd7 Ke5 38.f3 Ke6 39.Rb7 Ke5 40.Kf2 Kd4 41.Rd7 Ke5 42.Ke3 Re6
43.g4 b5 44.Nc7 Rd6 45.Rxd6 Nxd6 46.Nxb5 Nf7 47.a4  1-0

[Event "Cappelle op"]
[Site "Cappelle la Grande"]
[Date "1995.??.??"]
[Round "9"]
[White "McNab, Colin Anderson"]
[Black "Hagarova, Zuzana"]
[Result "1-0"]
[WhiteElo "2475"]
[BlackElo "2230"]

1.c4 Nf6 2.Nf3 g6 3.g3 Bg7 4.Bg2 O-O 5.O-O d6 6.d4 Nbd7 7.Qc2 e5 8.Rd1 exd4
9.Nxd4 Re8 10.Nc3 Nc5 11.h3 h6 12.b3 Nh7 13.e3 Ng5 14.h4 Nge6 15.Nde2 Nd7
16.Bb2 Ne5 17.Ne4 Bd7 18.Rac1 Bc6 19.Nd4 Nxd4 20.exd4 Ng4 21.Re1 d5 22.Nc5 b6
23.Na6 Bb7 24.Rxe8+ Qxe8 25.Nxc7  1-0

[Event "Castellar op"]
[Site "Castellar"]
[Date "1995.??.??"]
[Round "?"]
[White "Suba, Mihai"]
[Black "Comas Fabrego, Luis"]
[Result "1-0"]
[WhiteElo "2485"]
[BlackElo "2490"]

1.c4 Nf6 2.Nf3 g6 3.g3 Bg7 4.Bg2 O-O 5.O-O d6 6.Nc3 e5 7.d3 Nc6 8.Rb1 h6
9.b4 a6 10.a4 Be6 11.b5 axb5 12.axb5 Ne7 13.Bb2 Rb8 14.Qc2 Nd7 15.Nd2 f5
16.Nd5 g5 17.Nxe7+ Qxe7 18.Ra1 Nf6 19.Ra7 Bc8 20.Ba3 Qf7 21.c5 d5 22.c6 Re8
23.b6 bxc6 24.Rxc7 Bd7 25.Rb1 e4 26.e3 h5 27.Ra7 Qe6 28.dxe4 fxe4 29.Bc5 h4
30.Nb3 hxg3 31.fxg3 Ng4 32.Bh3 Bc8 33.Qe2  1-0

[Event "Ceske Budejovice op"]
[Site "Ceske Budejovice"]
[Date "1995.??.??"]
[Round "1"]
[White "Groh, Jiri"]
[Black "Goloshchapov, Alexander"]
[Result "0-1"]
[WhiteElo "2140"]
[BlackElo "2380"]

1.c4 Nf6 2.Nf3 g6 3.g3 Bg7 4.Bg2 O-O 5.O-O d6 6.Nc3 e5 7.d3 Nc6 8.Rb1 a5
9.a3 h6 10.b4 axb4 11.axb4 Be6 12.b5 Ne7 13.Bd2 Qd7 14.c5 Bh3 15.Qb3 Be6
16.Qc2 Ne8 17.cxd6 cxd6 18.Rfc1 f5 19.Na4 Rc8 20.Qd1 Rxc1 21.Qxc1 g5 22.Nb6 Qd8
23.Ba5 Nc8 24.Nc4 Qf6 25.b6 e4 26.Ne1 d5 27.Nd2 Ned6 28.Bb4 f4 29.gxf4 Qxf4
30.dxe4 Qxf2+ 31.Kh1 dxe4 32.Nf1 Qxe2 33.Ng3 Qf2 34.Bc5 Bd4 35.Bxd4 Qxd4
36.Qc2 Rf2 37.Qc7 Rf7 38.Qd8+ Rf8 39.Qc7 Rf7 40.Qd8+ Rf8 41.Qc7 Bg4 42.Qc2 Nxb6
43.h3 Bf5 44.Rd1 Qe5 45.Qb3+ Ndc4 46.Nxf5 Rxf5 47.Rc1 Qe6 48.Nc2 Re5 49.Bf1 Nd2
50.Qb4 Nxf1 51.Rxf1 Qxh3+ 52.Kg1 Qg3+ 53.Kh1 Qh3+ 54.Kg1 Nd7 55.Qxb7 Qg3+
56.Kh1 Qh3+ 57.Kg1 Qg3+ 58.Kh1 Qh4+ 59.Kg1 Qg4+ 60.Kh1 Qh5+ 61.Kg1 Qe8 62.Ra1 Qf7
63.Ne3 Nf6 64.Qb6 Qe6 65.Qb8+ Kg7 66.Qb7+ Kg6 67.Ra6 Qh3 68.Qb6 Qg3+ 69.Kf1 Qf3+
70.Ke1 h5 71.Kd2 g4 72.Qc6 g3 73.Nd5 Rxd5+ 74.Qxd5 e3+  0-1